00735nam a22002057a 4500999001700000003000400017005001700021008004100038020001500079040000900094050001700103100002100120245010600141260004300247300001500290650003800305650004000343942001200383952013400395 c16451d16451OSt20170901125228.0170829b xxu||||| |||| 00| 0 eng d a0195723341 cKABU aPE1460b.H63 4Hocking, B. D.W. aAll what I was taught and commom mistakes ba handbook of common errors in EnglishcB. D. W. Hocking  aNairobibOxford university Pressc1974 axix, 263p. aEnglish languagexErrors of usage aEnglish languagexTerms and Phrases 2lcccBK 00102lcc70aKABUbKABUd2017-08-29i2014/1300l1oPE1460 .H63 C.1p017537r2019-07-06 00:00:00s2019-06-29tc.1w2017-08-29yBK